Choices for a greener future: the European Union and the environment (Record no. 79341)

MARC details
000 -LEADER
fixed length control field 00897nam a2200193 a 4500
008 - FIXED-LENGTH DATA ELEMENTS--GENERAL INFORMATION
fixed length control field 100621s2002 ||||||||||||||||| || u
020 ## - INTERNATIONAL STANDARD BOOK NUMBER
International Standard Book Number 9289431199
050 ## - LIBRARY OF CONGRESS CALL NUMBER
Classification number EURO(02)
110 ## - MAIN ENTRY--CORPORATE NAME
Corporate name or jurisdiction name as entry element EUROPEAN COMMISSION
245 10 - TITLE STATEMENT
Title Choices for a greener future: the European Union and the environment
260 ## - PUBLICATION, DISTRIBUTION, ETC.
Place of publication, distribution, etc. Luxembourg:
Name of publisher, distributor, etc. Office for Official Publications of the European Communities
Date of publication, distribution, etc. 2002
300 ## - PHYSICAL DESCRIPTION
Extent 26p.: ill.
350 ## -
-- 0.00
490 ## -
-- Europe on the move
650 ## - SUBJECT ADDED ENTRY--TOPICAL TERM
Topical term or geographic name entry element ENVIRONMENT PROTECTION--EUROPEAN UNION COMMUNITIES
650 ## - SUBJECT ADDED ENTRY--TOPICAL TERM
Topical term or geographic name entry element ENVIRONMENT
995 ## -
-- SPECIAL COLLECTIONS
-- 0.00
-- 03006545
-- CBU-MAIN LIBRARY (Kitwe)
-- 1
-- 0.00
-- EURO(02)2002/5B
-- 2
-- AVAILABLE
-- Jun 21, 2010
-- Z03006545
-- International Publications
995 ## -
-- SPECIAL COLLECTIONS
-- 0.00
-- 03006544
-- CBU-MAIN LIBRARY (Kitwe)
-- 1
-- 0.00
-- EURO(02)2002/5A
-- 1
-- AVAILABLE
-- Jun 21, 2010
-- Z03006544
-- International Publications
999 ## -
-- 79341
-- 79341
Holdings
Withdrawn status Lost status Source of classification or shelving scheme Damaged status Not for loan Permanent Location Current Location Shelving location Date acquired Total Checkouts Full call number Barcode Date last seen Copy number Price effective from Koha item type
          CBU-MAIN LIBRARY, KITWE. CBU-MAIN LIBRARY, KITWE.   06/16/2023   EURO(02)2002/5B Z03006545 06/16/2023 1 06/16/2023 SPECIAL COLLECTION
          CBU-MAIN LIBRARY, KITWE. CBU-MAIN LIBRARY, KITWE.   06/16/2023   EURO(02)2002/5A Z03006544 06/16/2023 2 06/16/2023 SPECIAL COLLECTION